|
|
|
|
| LEADER |
01983pam a22004577a 4500 |
| 001 |
AALProQuestebook000022 |
| 003 |
BD-DhAAL |
| 005 |
20230907105702.0 |
| 006 |
m||||||||d|||||||| |
| 007 |
cr|||||||||||| |
| 008 |
220102s2016 enka\\\\ob\\\\001\0\eng\d |
| 020 |
|
|
|a 9780199607853
|
| 020 |
|
|
|a 9780191067945 (e-book)
|
| 035 |
|
|
|a (OCoLC)932262308
|
| 035 |
|
|
|a (MiAaPQ)EBC5717545
|
| 035 |
|
|
|a (Au-PeEL)EBL5717545
|
| 035 |
|
|
|a (OCoLC)1087502735
|
| 040 |
|
|
|a MiAaPQ
|b eng
|e rda
|c MiAaPQ
|d MiAaPQ
|d BD-DhAAL
|
| 050 |
|
4 |
|a HV6431
|b .E545 2016
|
| 082 |
0 |
4 |
|a 363.325
|2 23
|
| 100 |
1 |
|
|a English, Richard,
|d 1963-
|e author.
|9 43891
|
| 245 |
1 |
0 |
|a Does terrorism work?
|h [electronic resource] :
|b a history /
|c Richard English.
|
| 260 |
|
|
|a Oxford, England :
|b Oxford University Press,
|c 2016.
|
| 300 |
|
|
|a 1 online resource (xv, 350 pages) :
|b illustrations
|
| 500 |
|
|
|a <strong>Off-Campus Access:</strong> Athens ID and Password Required
|
| 500 |
|
|
|a <strong>On-Campus Access:</strong> No User ID or Password Required
|
| 500 |
|
|
|a Access type: Perpetual access for unlimited users
|
| 504 |
|
|
|a Includes bibliographical references (pages 332-344) and index.
|
| 526 |
|
|
|a ARC
|x Dr. Imon Chowdhooree
Assistant Professor,
|
| 538 |
|
|
|a Mode of access: Internet
|
| 541 |
|
|
|a ProQuest
|h USD 75.94
|
| 650 |
|
0 |
|a Terrorism.
|9 43892
|
| 650 |
|
0 |
|a Terrorism
|x History.
|9 43893
|
| 650 |
|
0 |
|a Security, International.
|9 43894
|
| 655 |
|
|
|a Electronic books.
|
| 710 |
|
|
|a ProQuest (Firm).
|9 43896
|
| 852 |
|
|
|a Ayesha Abed Library
|
| 856 |
|
|
|z Full text available on ProQuest
|u https://ebookcentral.proquest.com/lib/bracu/detail.action?docID=5717545
|
| 942 |
|
|
|2 ddc
|c EBK
|
| 999 |
|
|
|c 43389
|d 43389
|
| 952 |
|
|
|0 0
|1 0
|2 ddc
|4 0
|6 363_325000000000000_ENG
|7 0
|9 69646
|a BRACUL
|b BRACUL
|d 2022-01-02
|e ProQuest
|g 6508.66
|l 0
|o 363.325 ENG
|r 2022-01-02
|t 1
|w 2022-01-02
|y EBK
|x As discussed with Acquisition team, according to invoice date (23.12.2021) of the E-book, converted USD 75.94 to BDT6,508.66
|